[Event "Collado Villalba 2015"]
[Site "Collado Villalba (ESP)"]
[Date "2015.08.27"]
[Round "6.17"]
[White "Picazo Gonzalez, Ana"]
[Black "Garcia Saez, Juan Carlos"]
[Result "0-1"]
[WhiteElo "1851"]
[BlackElo "2010"]
[PlyCount "154"]
[EventDate "2015.08.22"]
[EventType "swiss"]
[EventRounds "9"]
[EventCountry "ESP"]
[Source "lmi"]
[SourceDate "2015.08.22"]

1. d4 c6 2. c4 d6 3. Nc3 g6 4. e4 Bg7 5. Be2 Nf6 6. f4 a5 7. Nf3 Na6 8. O-O O-O
9. Kh1 e6 10. e5 Ng4 11. Ne4 dxe5 12. fxe5 c5 13. h3 f5 14. Bg5 Qc7 15. Nd6 Nh6
16. d5 Bd7 17. Qb3 Nf7 18. Nxf7 Rxf7 19. Qe3 Nb4 20. Rad1 Re8 21. Bf4 Rff8 22.
a3 Na6 23. d6 Qb6 24. Bh6 Nb8 25. Bxg7 Kxg7 26. b4 axb4 27. axb4 Na6 28. b5 Nb4
29. Rb1 Nc2 30. Qf2 Ra8 31. Rb2 Nd4 32. Nxd4 cxd4 33. Rd2 Ra3 34. Qxd4 Qxd4 35.
Rxd4 Rc8 36. Bf3 b6 37. Bc6 Ra7 38. Rdd1 Kf7 39. Ra1 Rxa1 40. Rxa1 Ke8 41.
Bxd7+ Kxd7 42. Ra7+ Kd8 43. Re7 Rxc4 44. Rxe6 Rc5 45. d7 Rxb5 46. Rc6 Rxe5 47.
Rxb6 Re7 48. Kh2 Rxd7 49. h4 Ke7 50. Kg3 Kf7 51. Kf4 Rd4+ 52. Kg3 Kg7 53. Rb7+
Kh6 54. Rf7 Rd8 55. Ra7 Rg8 56. Kf4 Rg7 57. Ra6 Re7 58. g3 Kh5 59. Rb6 Re1 60.
Kf3 Rf1+ 61. Kg2 Ra1 62. Kf3 h6 63. Rb5 Ra3+ 64. Kf4 g5+ 65. hxg5 hxg5+ 66.
Kxf5 Rxg3 67. Rb8 Rf3+ 68. Ke4 Rf7 69. Rb1 g4 70. Rh1+ Kg5 71. Rg1 Kh4 72. Rh1+
Kg3 73. Rg1+ Kh3 74. Ra1 g3 75. Ra3 Kh2 76. Ra6 g2 77. Rh6+ Kg3 0-1

[Event "Collado Villalba 2015"]
[Site "Collado Villalba (ESP)"]
[Date "2015.08.27"]
[Round "6.18"]
[White "Rodriguez De Robles, Ignacio"]
[Black "Porras Fernandez, Alberto"]
[Result "1/2-1/2"]
[WhiteElo "1932"]
[BlackElo "1802"]
[PlyCount "133"]
[EventDate "2015.08.22"]
[EventType "swiss"]
[EventRounds "9"]
[EventCountry "ESP"]
[Source "lmi"]
[SourceDate "2015.08.22"]

1. e4 c5 2. Nf3 Nc6 3. d4 cxd4 4. Nxd4 Qc7 5. Nc3 e6 6. Be3 Nf6 7. g3 Be7 8.
Bg2 O-O 9. O-O a6 10. Qe2 d6 11. Nxc6 bxc6 12. f4 d5 13. e5 Nd7 14. Na4 Rb8 15.
b3 c5 16. Rad1 Rd8 17. f5 Nxe5 18. Bf4 Bd6 19. fxe6 fxe6 20. Bh3 Re8 21. Nc3
Bd7 22. Qxa6 c4 23. Nxd5 exd5 24. Bxd7 Rb6 25. Qa5 Qc5+ 26. Qxc5 Bxc5+ 27. Kg2
Nxd7 28. Rxd5 cxb3 29. axb3 Rb7 30. Rfd1 Re7 31. Kf3 Bb4 32. R1d4 Nf6 33. Rd8+
Kf7 34. g4 Ba5 35. Ra8 Bc7 36. g5 Nd7 37. h4 Ne5+ 38. Bxe5 Bxe5 39. Re4 Rbc7
40. Ra5 Bd6 41. Rxe7+ Kxe7 42. Ra2 Rc3+ 43. Ke4 Rh3 44. Kd5 Bf4 45. Ra7+ Kf8
46. Ke6 Re3+ 47. Kf5 Bd6 48. Ra8+ Kf7 49. Ra7+ Re7 50. Ra6 Re5+ 51. Kg4 Ke6 52.
c4 Kd7 53. Ra7+ Bc7 54. Kf3 Ra5 55. Rxa5 Bxa5 56. Ke4 Kd6 57. h5 Bd2 58. g6
hxg6 59. hxg6 Kc5 60. Ke5 Bc3+ 61. Ke6 Bf6 62. Kd7 Bc3 63. Ke6 Kc6 64. Ke7 Kc5
65. Ke6 Bd4 66. Kf7 Kd6 67. b4 1/2-1/2

[Event "Collado Villalba 2015"]
[Site "Collado Villalba (ESP)"]
[Date "2015.08.27"]
[Round "6.19"]
[White "Gutierrez Mordini, Pablo"]
[Black "Cabrera Jimenez, Julio"]
[Result "1-0"]
[WhiteElo "1902"]
[BlackElo "1801"]
[PlyCount "129"]
[EventDate "2015.08.22"]
[EventType "swiss"]
[EventRounds "9"]
[EventCountry "ESP"]
[Source "lmi"]
[SourceDate "2015.08.22"]

1. Nf3 Nf6 2. d4 d5 3. c4 dxc4 4. Nc3 a6 5. a4 b6 6. Bg5 e6 7. e3 Bb7 8. Bxc4
Be7 9. O-O O-O 10. Ne5 Nbd7 11. f4 Nxe5 12. fxe5 Ne4 13. Bxe7 Qxe7 14. Bd3 Nxc3
15. bxc3 Qg5 16. Qe2 Rad8 17. Rf4 Qe7 18. Bxh7+ Kxh7 19. Qh5+ Kg8 20. Rh4 f6
21. Rf1 f5 22. g4 Qe8 23. Qh7+ Kf7 24. g5 Ke7 25. Qxg7+ Qf7 26. Qf6+ Kd7 27.
Kf2 Qxf6 28. exf6 Rh8 29. Rxh8 Rxh8 30. Kg3 Ke8 31. h4 Kf7 32. Rf2 Bd5 33. Rh2
Rh5 34. Rb2 a5 35. Rb5 Bc4 36. Rb2 Bd3 37. Kh3 Bc4 38. Kg3 Rh8 39. Rb1 Be2 40.
Re1 Bh5 41. Kf4 Rd8 42. Rb1 Rd6 43. c4 Rc6 44. Rc1 Be2 45. Ke5 Rd6 46. Rc2 Bh5
47. Rc3 Rd7 48. d5 exd5 49. cxd5 Bf3 50. Rd3 Bg4 51. Rd4 Rd8 52. Kf4 Rh8 53.
Rc4 Rc8 54. Rc3 Bh5 55. Kxf5 Bg6+ 56. Kf4 Ke8 57. e4 Kd7 58. e5 Re8 59. Rc6 Rh8
60. e6+ Kd8 61. f7 Bxf7 62. exf7 Rxh4+ 63. Kf5 Ke7 64. Rxc7+ Kf8 65. g6 1-0

[Event "Collado Villalba 2015"]
[Site "Collado Villalba (ESP)"]
[Date "2015.08.27"]
[Round "6.20"]
[White "Movilla Calleja, David"]
[Black "Tipter, Napoleon"]
[Result "0-1"]
[WhiteElo "1890"]
[BlackElo "2019"]
[PlyCount "60"]
[EventDate "2015.08.22"]
[EventType "swiss"]
[EventRounds "9"]
[EventCountry "ESP"]
[Source "lmi"]
[SourceDate "2015.08.22"]

1. d4 Nf6 2. Nf3 g6 3. Bf4 Bg7 4. e3 d6 5. Bd3 Nh5 6. Bg3 c5 7. c3 O-O 8. O-O
a6 9. Nbd2 b5 10. Re1 f5 11. Nf1 Nd7 12. e4 f4 13. Bh4 Qe8 14. g4 fxg3 15. Bxg3
e5 16. d5 Bh6 17. Kg2 Ndf6 18. h3 Bd7 19. Qe2 Nf4+ 20. Bxf4 Bxf4 21. Ng3 Qc8
22. Rh1 Ra7 23. Bc2 Be8 24. Raf1 Rg7 25. Ne1 Nh5 26. Nf3 Bh6 27. Qd1 Nf4+ 28.
Kg1 Rgf7 29. Nh4 Nxh3+ 30. Kg2 Rxf2+ 0-1

[Event "Collado Villalba 2015"]
[Site "Collado Villalba (ESP)"]
[Date "2015.08.27"]
[Round "6.21"]
[White "Eizaguerri Floris, Maria"]
[Black "Rodriguez Izquierdo, Luis"]
[Result "1-0"]
[WhiteElo "1822"]
[BlackElo "1854"]
[PlyCount "55"]
[EventDate "2015.08.22"]
[EventType "swiss"]
[EventRounds "9"]
[EventCountry "ESP"]
[Source "lmi"]
[SourceDate "2015.08.22"]

1. e4 c5 2. c3 e6 3. d4 d5 4. e5 cxd4 5. cxd4 Bd7 6. Nf3 Nc6 7. Bd3 h6 8. O-O
Bb4 9. a3 Ba5 10. b4 Bb6 11. Be3 a6 12. Nc3 Rc8 13. Qd2 Nge7 14. b5 Ba5 15.
Rfc1 axb5 16. Qb2 Bxc3 17. Rxc3 Na7 18. Rac1 O-O 19. Qd2 Rxc3 20. Rxc3 Ng6 21.
Bxh6 gxh6 22. Qxh6 Qe7 23. Ng5 f5 24. Qxg6+ Qg7 25. Qxg7+ Kxg7 26. Rc7 Kg6 27.
f4 Be8 28. Rh7 1-0

[Event "Collado Villalba 2015"]
[Site "Collado Villalba (ESP)"]
[Date "2015.08.27"]
[Round "6.22"]
[White "Fernandez Sanchez, Lorenzo"]
[Black "Petru, Lucian Olimpiu"]
[Result "1-0"]
[WhiteElo "1817"]
[BlackElo "1845"]
[PlyCount "129"]
[EventDate "2015.08.22"]
[EventType "swiss"]
[EventRounds "9"]
[EventCountry "ESP"]
[Source "lmi"]
[SourceDate "2015.08.22"]

1. e4 c6 2. d4 d5 3. exd5 cxd5 4. Bd3 Nf6 5. c3 Qc7 6. Na3 a6 7. Ne2 e6 8. Bf4
Qb6 9. Qb3 Qa5 10. Nb1 Be7 11. O-O O-O 12. Nd2 Nc6 13. Qc2 Bd7 14. Nf3 Rac8 15.
a3 Qb6 16. Ne5 Rfd8 17. Bg5 h6 18. Be3 Qc7 19. f4 Nxe5 20. fxe5 Ng4 21. Bd2 Bg5
22. Bxg5 hxg5 23. Qd2 f6 24. h3 Nxe5 25. dxe5 Qxe5 26. Bg6 f5 27. Nd4 Qf6 28.
Bh5 g6 29. Be2 Kg7 30. Nf3 Bc6 31. Qxg5 e5 32. Qxf6+ Kxf6 33. Rad1 Ba4 34. Rde1
Re8 35. Rf2 Re7 36. Bd1 Bb5 37. Bc2 a5 38. Rd2 Rd8 39. Bb3 Bc6 40. Rde2 Rde8
41. g3 d4 42. Nxd4 exd4 43. Rxe7 Rxe7 44. Rxe7 Kxe7 45. cxd4 Kd6 46. Kf2 g5 47.
Ke3 Ke7 48. h4 Kf6 49. hxg5+ Kxg5 50. d5 Bd7 51. Bd1 b6 52. Kd4 f4 53. gxf4+
Kxf4 54. Bc2 Be8 55. Be4 Bd7 56. d6 b5 57. Bc2 b4 58. axb4 axb4 59. Kd5 Ke3 60.
Kc4 Kd2 61. Bg6 Ke3 62. Kxb4 Kd4 63. Bf7 Ke5 64. Kc5 Kf6 65. Bc4 1-0

[Event "Collado Villalba 2015"]
[Site "Collado Villalba (ESP)"]
[Date "2015.08.27"]
[Round "6.23"]
[White "Laveda Ayllon, Jose David"]
[Black "Perez Cameselle, Francisco"]
[Result "0-1"]
[WhiteElo "1695"]
[BlackElo "1840"]
[PlyCount "160"]
[EventDate "2015.08.22"]
[EventType "swiss"]
[EventRounds "9"]
[EventCountry "ESP"]
[Source "lmi"]
[SourceDate "2015.08.22"]

1. d4 Nf6 2. c4 e6 3. g3 Bb4+ 4. Nc3 O-O 5. Bg2 d5 6. Qb3 Nc6 7. Nf3 h6 8. O-O
Be7 9. cxd5 exd5 10. Re1 Rb8 11. a3 Be6 12. Qc2 Qd7 13. e3 Bf5 14. Qd1 Ne4 15.
Nxe4 Bxe4 16. Ne5 Nxe5 17. dxe5 Bxg2 18. Kxg2 Qe6 19. f4 f6 20. exf6 Bxf6 21.
Qb3 Qe4+ 22. Kf2 g5 23. Bd2 g4 24. Bc3 Rbe8 25. Bxf6 Rxf6 26. Rad1 c6 27. Rd3
h5 28. Qd1 Qf5 29. Rd4 Rh6 30. Qb3 h4 31. Re2 hxg3+ 32. hxg3 Rh2+ 33. Ke1 Rh1+
34. Kd2 Qb1 35. Kc3 Rc1+ 36. Rc2 Rxe3+ 37. Rd3 Rxd3+ 38. Kxd3 Rg1 39. Kd4 Qd1+
40. Ke5 Re1+ 41. Kf5 Re7 42. Qc3 Rf7+ 43. Ke6 Qh1 44. Kd6 Qh6+ 45. Kc5 b6+ 46.
Kb4 Qd6+ 47. Kb3 c5 48. Re2 d4 49. Qc4 Kf8 50. Qa6 Qd5+ 51. Kc2 Kg7 52. b3 Rd7
53. Qd3 a6 54. Rh2 Kf8 55. Rh8+ Ke7 56. Qe2+ Kd6 57. Rh6+ Kc7 58. Qe5+ Qxe5 59.
fxe5 Re7 60. Rg6 Rxe5 61. Rxg4 Re2+ 62. Kd3 Re3+ 63. Kc2 Kc6 64. Rg6+ Kd5 65.
Rxb6 Rc3+ 66. Kd2 Rxg3 67. Rxa6 Rxb3 68. Ra8 Kc4 69. Ra4+ Kd5 70. Ra8 Rb2+ 71.
Kc1 Ra2 72. a4 c4 73. a5 Ke4 74. Re8+ Kd3 75. Rh8 Ra1+ 76. Kb2 Rxa5 77. Rh3+
Ke4 78. Rh4+ Ke3 79. Rh3+ Kf2 80. Rh2+ Kg3 0-1

[Event "Collado Villalba 2015"]
[Site "Collado Villalba (ESP)"]
[Date "2015.08.27"]
[Round "6.25"]
[White "Aguilera Lopez, Alejandro"]
[Black "Ojosnegros Martin, Angel"]
[Result "1-0"]
[WhiteElo "1999"]
[BlackElo "1484"]
[PlyCount "74"]
[EventDate "2015.08.22"]
[EventType "swiss"]
[EventRounds "9"]
[EventCountry "ESP"]
[Source "lmi"]
[SourceDate "2015.08.22"]

1. d4 d5 2. Nf3 e6 3. e3 Nf6 4. Bd3 Nbd7 5. Nbd2 b6 6. O-O Bb7 7. b3 Bd6 8. Bb2
O-O 9. Ne5 c5 10. f4 Ne4 11. Nxe4 dxe4 12. Bc4 Nf6 13. Qe1 Bd5 14. Ba6 Bxe5 15.
dxe5 Nd7 16. Qg3 f6 17. Rad1 fxe5 18. c4 Bc6 19. Bxe5 Rf7 20. Rd6 Qc7 21. Rxe6
Nxe5 22. Rxe5 Rd8 23. Bb5 Rd2 24. Bxc6 Qxc6 25. f5 Qd6 26. Re8+ Rf8 27. Qxd6
Rxd6 28. Rxe4 Rd2 29. Re5 Rfd8 30. Rd5 R2xd5 31. cxd5 Rxd5 32. g4 Kf7 33. Kg2
Kf6 34. Rf2 Ke5 35. Kf3 h6 36. Ke2 b5 37. Rf4 Rd8 1-0

[Event "Collado Villalba 2015"]
[Site "Collado Villalba (ESP)"]
[Date "2015.08.28"]
[Round "7.1"]
[White "Longa Yauca, Javier"]
[Black "Perez Mitjans, Orelvis"]
[Result "0-1"]
[WhiteElo "2255"]
[BlackElo "2434"]
[PlyCount "76"]
[EventDate "2015.08.22"]
[EventType "swiss"]
[EventRounds "9"]
[EventCountry "ESP"]
[Source "lmi"]
[SourceDate "2015.08.22"]

1. d4 Nf6 2. Nf3 c5 3. d5 e6 4. Nc3 b5 5. Bg5 Qa5 6. Bxf6 gxf6 7. e4 c4 8. Qd4
Rg8 9. g3 e5 10. Nxe5 fxe5 11. Qxe5+ Be7 12. d6 Nc6 13. Qf4 Bf8 14. Rd1 Bg7 15.
Qe3 Bxc3+ 16. bxc3 Bb7 17. Be2 O-O-O 18. Rd5 Qa4 19. O-O Kb8 20. Bh5 f6 21. f4
a6 22. Rd2 Qxa2 23. Rdd1 Qxc2 24. Rd2 Qb3 25. Rdd1 Qa3 26. e5 fxe5 27. fxe5 b4
28. e6 dxe6 29. Rf7 Qa5 30. Bf3 Qb5 31. cxb4 Rgf8 32. Rxh7 Rxf3 33. Qxf3 Ne5
34. Qf6 Qb6+ 35. Kf1 Nd7 36. Qxe6 Nf8 37. Rxb7+ Qxb7 38. Qxc4 Qf3+ 0-1

[Event "Collado Villalba 2015"]
[Site "Collado Villalba (ESP)"]
[Date "2015.08.28"]
[Round "7.2"]
[White "Martinez Reyes, Pedro Ramon"]
[Black "Valles Moreno, Ivan"]
[Result "1/2-1/2"]
[WhiteElo "2349"]
[BlackElo "2421"]
[PlyCount "111"]
[EventDate "2015.08.22"]
[EventType "swiss"]
[EventRounds "9"]
[EventCountry "ESP"]
[Source "lmi"]
[SourceDate "2015.08.22"]

1. Nf3 d5 2. d4 Nf6 3. c4 dxc4 4. e3 g6 5. Bxc4 Bg7 6. Nc3 O-O 7. O-O Ne8 8. h3
Nd6 9. Bd3 Nc6 10. b3 b6 11. Bb2 Bb7 12. a3 e5 13. d5 Nb8 14. e4 Nd7 15. Nb5 a6
16. Nxd6 cxd6 17. Qb1 Nc5 18. Bc1 Rc8 19. Be3 Qd7 20. Bc2 b5 21. Qd1 Rc7 22.
Ne1 f5 23. f3 Qd8 24. b4 Nd7 25. a4 Qh4 26. axb5 axb5 27. Bd3 Nf6 28. Bf2 Qf4
29. Qe2 Rcf7 30. Ra7 Bh6 31. g4 fxe4 32. fxe4 Qd2 33. Qxd2 Bxd2 34. Nc2 h5 35.
Be3 Bxe3+ 36. Nxe3 hxg4 37. hxg4 Bc8 38. Rxf7 Rxf7 39. g5 Nh7 40. Rxf7 Kxf7 41.
Bxb5 Nxg5 42. Bd3 Ke7 43. Kf2 Nh3+ 44. Kg3 Nf4 45. Bf1 g5 46. b5 Nh5+ 47. Kf2
Nf6 48. Bd3 Ng4+ 49. Nxg4 Bxg4 50. Kg3 Bd1 51. Bf1 Kd8 52. Bh3 Kc7 53. Bg4 Bc2
54. Bf5 Kb6 55. Kg4 Kxb5 56. Kxg5 1/2-1/2

[Event "Collado Villalba 2015"]
[Site "Collado Villalba (ESP)"]
[Date "2015.08.28"]
[Round "7.3"]
[White "Collazo Hidalgo-Gato, Niala"]
[Black "Bermejo Arruego, Luis"]
[Result "1/2-1/2"]
[WhiteElo "2261"]
[BlackElo "2167"]
[PlyCount "74"]
[EventDate "2015.08.22"]
[EventType "swiss"]
[EventRounds "9"]
[EventCountry "ESP"]
[Source "lmi"]
[SourceDate "2015.08.22"]

1. e4 c5 2. Nf3 Nc6 3. Nc3 g6 4. d4 cxd4 5. Nxd4 Bg7 6. Be3 Nf6 7. Bc4 Qa5 8.
O-O O-O 9. Bb3 d6 10. h3 Bd7 11. Re1 Nxd4 12. Bxd4 Rfe8 13. Nd5 Nxd5 14. exd5
Rac8 15. Bxg7 Kxg7 16. Qd4+ Kg8 17. Re3 Qc5 18. Qh4 e5 19. dxe6 Bxe6 20. Rae1
d5 21. Re5 b5 22. c3 Red8 23. Qh6 Qf8 24. Qf4 a5 25. Rd1 b4 26. cxb4 Qxb4 27.
Qxb4 axb4 28. Rd4 Rc1+ 29. Kh2 Rb8 30. f4 h5 31. Bxd5 Bxd5 32. Rexd5 Rc2 33.
Rd2 b3 34. Rd8+ Rxd8 35. Rxd8+ Kg7 36. axb3 Rxb2 37. Rb8 h4 1/2-1/2

[Event "Collado Villalba 2015"]
[Site "Collado Villalba (ESP)"]
[Date "2015.08.28"]
[Round "7.4"]
[White "Moreno Ruiz, Javier"]
[Black "Semprun Martinez, Fernando"]
[Result "1/2-1/2"]
[WhiteElo "2467"]
[BlackElo "2215"]
[PlyCount "66"]
[EventDate "2015.08.22"]
[EventType "swiss"]
[EventRounds "9"]
[EventCountry "ESP"]
[Source "lmi"]
[SourceDate "2015.08.22"]

1. c4 c5 2. g3 Nc6 3. Bg2 g6 4. Nc3 Bg7 5. a3 e6 6. Rb1 Nge7 7. b4 d6 8. bxc5
dxc5 9. Bb2 O-O 10. Nf3 b6 11. O-O Bb7 12. d3 Qd7 13. Qa4 Rad8 14. Rfd1 Nf5 15.
e3 Na5 16. Qc2 Bc6 17. Ne1 Bxg2 18. Nxg2 Nc6 19. Ne4 e5 20. Bc3 Nd6 21. Nxd6
Qxd6 22. Qb2 Rfe8 23. e4 Bh6 24. Ne3 Bxe3 25. fxe3 Qe6 26. Qe2 Rd6 27. Rd2 Red8
28. Rf1 R8d7 29. Kg2 Qe7 30. h3 Qd8 31. Rfd1 h5 32. Qf1 Qg5 33. Qe2 Kg7 1/2-1/2

[Event "Collado Villalba 2015"]
[Site "Collado Villalba (ESP)"]
[Date "2015.08.28"]
[Round "7.5"]
[White "Aranda Marin, Cristian"]
[Black "Elissalt Cardenas, Hector"]
[Result "1/2-1/2"]
[WhiteElo "2368"]
[BlackElo "2350"]
[PlyCount "142"]
[EventDate "2015.08.22"]
[EventType "swiss"]
[EventRounds "9"]
[EventCountry "ESP"]
[Source "lmi"]
[SourceDate "2015.08.22"]

1. d4 d5 2. c4 c6 3. Nc3 Nf6 4. e3 a6 5. Nf3 b5 6. c5 Bg4 7. Qb3 Nbd7 8. a4
Bxf3 9. gxf3 e5 10. Qa3 Nb6 11. Qa2 exd4 12. exd4 b4 13. a5 Nbd7 14. Ne2 Qc7
15. Bf4 Qb7 16. Ng3 g6 17. Qb3 Be7 18. Bh6 Bf8 19. Bf4 Be7 20. Ra4 O-O 21. Rxb4
Qc8 22. Bh3 Nxc5 23. Bxc8 Nxb3 24. Rxb3 Rfxc8 25. Rb7 Bd8 26. b4 Ne8 27. Kd2
Ng7 28. Be5 Ne6 29. Re1 Bg5+ 30. Kc3 Rd8 31. Nf1 Re8 32. Rb6 Nc7 33. Ne3 Nb5+
34. Kd3 Be7 35. Rc1 Rec8 36. Rcxc6 Rxc6 37. Rxc6 Bxb4 38. Nxd5 Bxa5 39. Bf6 Bd8
40. Ke4 Bxf6 41. Nxf6+ Kf8 42. Nd7+ Ke7 43. Nc5 Nd6+ 44. Kd5 Rd8 45. Rc7+ Ke8
46. Ke5 Nb5 47. Rb7 Nxd4 48. Kf6 Rd6+ 49. Ke5 Nf5 50. Ra7 f6+ 51. Kf4 Rd4+ 52.
Ne4 Ra4 53. Rxh7 Kf8 54. Ra7 a5 55. h3 Ne7 56. Kg3 Kf7 57. Ra6 f5 58. Nd6+ Kg7
59. Nb7 Rb4 60. Nd8 Rb5 61. Ne6+ Kf7 62. Nd4 Rd5 63. Nb3 Rd3 64. Nxa5 Ra3 65.
Ra7 Kf6 66. Nc6 Rxa7 67. Nxa7 Kg5 68. h4+ Kh5 69. Nb5 Nd5 70. Nd4 f4+ 71. Kh3
g5 1/2-1/2

[Event "Collado Villalba 2015"]
[Site "Collado Villalba (ESP)"]
[Date "2015.08.28"]
[Round "7.6"]
[White "Perdomo Araujo, Angel Eduardo"]
[Black "Martin Carmona, Gaston Manuel"]
[Result "0-1"]
[WhiteElo "1998"]
[BlackElo "2068"]
[PlyCount "84"]
[EventDate "2015.08.22"]
[EventType "swiss"]
[EventRounds "9"]
[EventCountry "ESP"]
[Source "lmi"]
[SourceDate "2015.08.22"]

1. a3 e5 2. e3 d5 3. d4 exd4 4. Qxd4 Nf6 5. Nf3 Be7 6. Be2 O-O 7. O-O c5 8. Qd1
Nc6 9. Nbd2 Bf5 10. Re1 Qd7 11. Nf1 Ne4 12. Ng3 Nxg3 13. hxg3 Bf6 14. Nh2 g6
15. g4 Be6 16. f4 Bg7 17. g5 f6 18. Nf3 f5 19. Rb1 Rad8 20. b4 b6 21. Bb5 Qd6
22. Bb2 Bxb2 23. Rxb2 d4 24. Bxc6 Qxc6 25. b5 Qd6 26. exd4 Bd5 27. dxc5 Qxf4
28. Rb4 Qg3 29. Re7 Bxf3 30. Qxf3 Qxg5 31. Rxa7 bxc5 32. Rb1 Qd2 33. b6 Rfe8
34. Qf2 Re2 35. Qg3 Qd4+ 36. Kh2 Re4 37. Qb3+ c4 38. Qf3 Rh4+ 39. Kg3 g5 40.
Qxf5 Qe3+ 41. Qf3 Qe5+ 42. Kf2 Rd2+ 0-1

[Event "Collado Villalba 2015"]
[Site "Collado Villalba (ESP)"]
[Date "2015.08.28"]
[Round "7.7"]
[White "Jordana Vargas, Julio"]
[Black "Hernando Pertierra, Jose C"]
[Result "0-1"]
[WhiteElo "1998"]
[BlackElo "2385"]
[PlyCount "72"]
[EventDate "2015.08.22"]
[EventType "swiss"]
[EventRounds "9"]
[EventCountry "ESP"]
[Source "lmi"]
[SourceDate "2015.08.22"]

1. c4 g6 2. Nc3 Bg7 3. g3 e5 4. Bg2 d6 5. Nf3 f5 6. d3 Nf6 7. O-O O-O 8. Rb1 h6
9. b4 g5 10. a4 f4 11. Nd2 Nc6 12. Nb3 Qe8 13. b5 Ne7 14. a5 Qh5 15. Ne4 Bh3
16. Nxf6+ Rxf6 17. Nd2 Bxg2 18. Kxg2 g4 19. Rh1 Raf8 20. f3 Rg6 21. Ne4 Qh3+
22. Kf2 Nf5 23. Qf1 Qh5 24. Qg2 Nd4 25. Nd2 c6 26. bxc6 bxc6 27. Bb2 Nc2 28.
Rhg1 Ne3 29. Qh1 d5 30. Ba3 Rf7 31. cxd5 cxd5 32. Nf1 e4 33. dxe4 dxe4 34. gxf4
Nxf1 35. Kxf1 gxf3 36. e3 Qxa5 0-1

[Event "Collado Villalba 2015"]
[Site "Collado Villalba (ESP)"]
[Date "2015.08.28"]
[Round "7.8"]
[White "Pastor Alonso De Prado, Albert"]
[Black "Torres Samper, Rafael"]
[Result "1-0"]
[WhiteElo "2167"]
[BlackElo "1971"]
[PlyCount "49"]
[EventDate "2015.08.22"]
[EventType "swiss"]
[EventRounds "9"]
[EventCountry "ESP"]
[Source "lmi"]
[SourceDate "2015.08.22"]

1. e4 c5 2. c3 d5 3. exd5 Qxd5 4. d4 Nc6 5. dxc5 Qxd1+ 6. Kxd1 e5 7. Be3 Nf6 8.
b4 Nd5 9. Bb5 a5 10. Bxc6+ bxc6 11. Bd2 g6 12. Nf3 Bg4 13. Kc1 Bg7 14. Nxe5 Be6
15. Re1 O-O 16. a3 axb4 17. cxb4 Rfb8 18. f4 Nxb4 19. Bxb4 Rxb4 20. axb4 Rxa1
21. Nxc6 Ra4 22. Kc2 Bd7 23. Ne7+ Kf8 24. c6 Be6 25. Rxe6 1-0

[Event "Collado Villalba 2015"]
[Site "Collado Villalba (ESP)"]
[Date "2015.08.28"]
[Round "7.9"]
[White "Perez De Villar Munoz, Eusebio"]
[Black "Garcia Paolicchi, Raul"]
[Result "0-1"]
[WhiteElo "1970"]
[BlackElo "2148"]
[PlyCount "120"]
[EventDate "2015.08.22"]
[EventType "swiss"]
[EventRounds "9"]
[EventCountry "ESP"]
[Source "lmi"]
[SourceDate "2015.08.22"]

1. e4 c5 2. Nf3 e6 3. c4 a6 4. a3 b6 5. d4 cxd4 6. Nxd4 d6 7. Nc3 Bb7 8. Be2
Nf6 9. f3 Be7 10. Be3 O-O 11. O-O Nbd7 12. Rc1 Rc8 13. b4 Ne5 14. Na4 Qc7 15.
Nb3 Ned7 16. Qd4 Bd8 17. Rfd1 Qb8 18. b5 a5 19. Nd2 Bc7 20. Nf1 Rfe8 21. Qd2
Nc5 22. Qc2 Nxa4 23. Qxa4 Nd7 24. Qc2 Nc5 25. g3 h5 26. Bxc5 dxc5 27. f4 h4 28.
Nd2 hxg3 29. hxg3 Qa8 30. Kf2 Rcd8 31. Bf3 Rd7 32. e5 Rxd2+ 33. Rxd2 Bxf3 34.
Rd7 Rc8 35. Qd3 Be4 36. Qd2 Bh1 37. Rg1 Bf3 38. Qe3 Bg4 39. Qd3 Rd8 40. Rxd8+
Qxd8 41. Qxd8+ Bxd8 42. Ke3 f6 43. exf6 gxf6 44. Rg2 Kf7 45. Rh2 Bf5 46. Rh8
Ke7 47. Rg8 e5 48. fxe5 fxe5 49. g4 Be6 50. Rg7+ Kf6 51. Rh7 Bxc4 52. Rd7 Be7
53. Rb7 Ke6 54. Rxb6+ Kd5 55. Rb7 Bg5+ 56. Kf2 e4 57. Rd7+ Ke6 58. Rh7 Bxb5 59.
Rh5 e3+ 60. Kf3 e2 0-1

[Event "Collado Villalba 2015"]
[Site "Collado Villalba (ESP)"]
[Date "2015.08.28"]
[Round "7.11"]
[White "Sanz Castillo, Santiago"]
[Black "Garcia Saez, Juan Carlos"]
[Result "1-0"]
[WhiteElo "2197"]
[BlackElo "2010"]
[PlyCount "121"]
[EventDate "2015.08.22"]
[EventType "swiss"]
[EventRounds "9"]
[EventCountry "ESP"]
[Source "lmi"]
[SourceDate "2015.08.22"]

1. e4 c6 2. Nc3 d6 3. Nf3 g6 4. Bc4 Bg7 5. Ng5 Nh6 6. d3 O-O 7. h4 b5 8. Bb3
Nd7 9. h5 Nc5 10. hxg6 hxg6 11. Nh7 Nxb3 12. axb3 Kxh7 13. Bxh6 Rh8 14. Qd2 Kg8
15. O-O-O Qf8 16. Bg5 f6 17. Bf4 Kf7 18. d4 Bd7 19. e5 d5 20. Rde1 Be6 21. Qe3
f5 22. Kb1 a5 23. Qc1 a4 24. Rxh8 Qxh8 25. Rh1 Qg8 26. b4 Ke8 27. Ne2 Kd7 28.
Bg5 Qf7 29. Nf4 Rh8 30. Rxh8 Bxh8 31. Qh1 Qg8 32. Qh4 Qe8 33. Nd3 Kc7 34. Bxe7
Bg7 35. Nf4 Kd7 36. Bf6 Bf8 37. c3 Bf7 38. Qh7 Kc8 39. Nh3 Be7 40. Bxe7 Qxe7
41. f4 Kd8 42. Ng5 Be8 43. Qg8 Kd7 44. g3 Kc8 45. Nh7 Qf7 46. Qh8 Kb7 47. Nf6
Bd7 48. Qd8 Bc8 49. Ne8 Qd7 50. Nd6+ Kb8 51. Qxc8+ Qxc8 52. Nxc8 Kxc8 53. Kc2
Kd7 54. Kd3 Ke6 55. Ke3 Kf7 56. Kf3 Kg7 57. g4 Kh6 58. Kg3 Kg7 59. Kh4 Kh6 60.
gxf5 gxf5 61. e6 1-0

[Event "Collado Villalba 2015"]
[Site "Collado Villalba (ESP)"]
[Date "2015.08.28"]
[Round "7.12"]
[White "Rodriguez Melendez, Juan Humbe"]
[Black "Eizaguerri Floris, Maria"]
[Result "0-1"]
[WhiteElo "2130"]
[BlackElo "1822"]
[PlyCount "79"]
[EventDate "2015.08.22"]
[EventType "swiss"]
[EventRounds "9"]
[EventCountry "ESP"]
[Source "lmi"]
[SourceDate "2015.08.22"]

1. e4 c5 2. Nf3 e6 3. Qe2 Nc6 4. g3 g6 5. Bg2 Bg7 6. O-O Nge7 7. Nc3 d6 8. d3
O-O 9. Bg5 Rb8 10. Qd2 b5 11. Bh6 b4 12. Nd1 a5 13. Bxg7 Kxg7 14. Ne3 h5 15. d4
Ba6 16. Rfd1 Qb6 17. d5 exd5 18. exd5 Na7 19. Re1 Qc7 20. Rad1 Nb5 21. Qd3 Bc8
22. Nh4 Nd4 23. Be4 f5 24. Bg2 f4 25. Nc4 Nef5 26. Nxf5+ Bxf5 27. Be4 fxg3 28.
hxg3 Bg4 29. Ra1 Qf7 30. f4 h4 31. c3 Nf5 32. Bxf5 Bxf5 33. Qf3 hxg3 34. Rad1
Qd7 35. Qxg3 Rh8 36. Qg5 Rbe8 37. Rxe8 Qxe8 38. Qg2 Rh4 39. Qf2 Qh8 40. Kf1 0-1

[Event "Collado Villalba 2015"]
[Site "Collado Villalba (ESP)"]
[Date "2015.08.28"]
[Round "7.13"]
[White "Tipter, Napoleon"]
[Black "Aziz Ortego, Omar Luis"]
[Result "0-1"]
[WhiteElo "2019"]
[BlackElo "2123"]
[PlyCount "72"]
[EventDate "2015.08.22"]
[EventType "swiss"]
[EventRounds "9"]
[EventCountry "ESP"]
[Source "lmi"]
[SourceDate "2015.08.22"]

1. e4 c5 2. d4 cxd4 3. c3 d3 4. Bxd3 Nc6 5. Nf3 g6 6. Bc4 d6 7. O-O Bg7 8. Bg5
Nf6 9. Nbd2 h6 10. Bh4 O-O 11. Qe2 Qa5 12. Bg3 Nh5 13. Nb3 Qc7 14. Nbd4 Bg4 15.
Nxc6 bxc6 16. Rfe1 e5 17. Rad1 Kh7 18. h3 Be6 19. Rd2 Rad8 20. Red1 Nxg3 21.
fxg3 Bc8 22. g4 f5 23. gxf5 gxf5 24. Nh4 d5 25. exd5 Bf6 26. Qh5 Bg5 27. d6 Qg7
28. Re2 e4 29. g4 fxg4 30. Rxe4 gxh3 31. Bd3 Bf5 32. Rg4 Bxd3 33. Rxd3 Qf6 34.
Nf3 Bf4 35. Qxh3 Rg8 36. d7 Qf5 0-1